| 000 | 01974cam a22004454i 4500 | ||
|---|---|---|---|
| 003 | PE-LiUPU | ||
| 005 | 20250731173326.0 | ||
| 008 | 150625s r 000 0 d | ||
| 020 | _a0914936042 | ||
| 035 | _a(Sirsi) i9780914936046 | ||
| 040 |
_aPE-LiUPU _bspa _cPE-LiUPU _erda |
||
| 049 | _aPRUA | ||
| 082 | 0 | 4 |
_a262.2 _bS31 _221 |
| 100 | 1 |
_aScheidler, Bill, _eautor. |
|
| 245 | 1 | 4 |
_aThe local church today : _ba biblical study of its purpose and ministry / _cBill Scheidler. |
| 264 | 1 |
_aPortland, Oregon : _bCity Bible Publishing, _c2002. |
|
| 300 |
_a284 páginas : _bilustraciones ; _c23 centímetros |
||
| 336 |
_atext _2rdacontent |
||
| 337 |
_aunmediated _2rdamedia |
||
| 338 |
_avolume _2rdacarrier |
||
| 505 | 0 | _aThe church-The Mystery. -The church-the eternal purpose. -The church-and the Kingdom. -The nature-of the church. -The church-God's peculiar people. -The church-the temple of God. -The church-the family of God. -The church-the body of Christ. -Appointed servants-or deacons. -The office of the bishop-or Elder. -The Ministry-of the apostle. -The Ministry-of the prophet. -The Ministryof the evangelist. -The Ministry of the pastor. -The Ministryof the teacher. -Other body ministries. | |
| 526 | _aSEG42 | ||
| 526 | _aSEG41 | ||
| 526 | _aSEG40 | ||
| 526 | _aSEG39 | ||
| 526 | _aP94 | ||
| 526 | _aP87 | ||
| 526 | _aP86 | ||
| 526 | _aP85 | ||
| 526 | _aP77 | ||
| 526 | _aP76 | ||
| 526 | _aP35 | ||
| 541 | _g103-8190058-5681041; | ||
| 650 | 0 | 4 |
_aIglesia _xMisión. |
| 942 |
_2ddc _cBOOK |
||
| 949 |
_a262.2 S31 _wDEWEY _c1 _i58659 _lCCODEBUL1 _mBUL _p13.00 _r0 _sY _tBOOK _u2015-6-25 _xTEOLOGIA _zUNKNOWN _0COMPRA _o.STAFF. Colección General |
||
| 994 |
_aC0 _bPEPRU |
||
| 596 | _a1 | ||
| 999 |
_a262.2 S31 _wDEWEY _c47539 _i58659 _f2021-11-10 _g5 _lCCODEBUL1 _mBUL _p13.00 _r0 _sY _tBOOK _u2015-6-25 _xTEOLOGIA _zUNKNOWN _0COMPRA _o.STAFF. Colección General _d47539 |
||
| 980 |
_81 _gALBERTO SANCHEZ Responsable de Automatización |
||